Normale Ansicht MARC-Ansicht ISBD

Meine drei Jahre in Moskau / (Titelsatznr. 24105)

[ MARC ]
MARC-Details
000 -Satzkennung
Kontrollfeld mit fester Länge 00682nam a22002411c 4500
001 - Kontrollnummer
Kontrollfeld a987679899
008 - Feld mit fester Länge zur physischen Beschreibung - Allgemeine Angaben
Kontrollfeld mit fester Länge 170418s1950 gw |||| 000u ger d
041 ## - Sprachcode
Sprachcode des Textes/der Tonspur oder des separaten Titels ger
040 ## - Katalogisierungsquelle
Übertragungsstelle RU-10907106
003 - Kontrollnummer Identifier
Kontrollfeld RU-10907106
100 1# - Haupteintragung - Personenname
Personenname Smith, Walter Bedell
240 10 - Einheitstitel
Einheitstitel My three Years in Moscow
245 00 - Titel
Titel Meine drei Jahre in Moskau /
Verfasserangabe etc. Autor. Übertr. aus d. Amerikan. von Werner G. Krug
264 ## - Produktion, Veröffentlichung, Distribution, Herstellung und Urheberrechtsvermerk
Herstellungs-, Veröffentlichungs- Vertriebs-, Erzeugungsort Hamburg :
Produzent, Herausgeber, Distributor, Hersteller Hoffmann und Campe,
Datum der Herstellung, der Veröffentlichung, des Vertriebs oder des Urheberschutzvermerks 1950
300 ## - Physische Beschreibung
Umfang 468 S.
600 #0 - Nebeneintragung unter einem Schlagwort - Personenname
Personenname Smith, Walter Bedell
600 #0 - Nebeneintragung unter einem Schlagwort - Personenname
Personenname Stalin, Iosif V.
650 #0 - Nebeneintragung unter einem Schlagwort - Sachschlagwort
Sachschlagwort oder geografischer Name als Eintragungselement Außenpolitik
651 #0 - Nebeneintragung unter einem Schlagwort - Geografischer Name
Geografischer Name Moskau
651 #0 - Nebeneintragung unter einem Schlagwort - Geografischer Name
Geografischer Name Sowjetunion
700 1# - Nebeneintragung - Personenname
Personenname Krug, Werner Gerhard
Funktionsbezeichnung UebersetzerIn
942 ## - Zusätzliche Felder (Koha)
Koha-Medientyp Monographien
Exemplare
Ausgeschieden Verloren Klassifikation oder Aufstellungssystematik Beschädigt Nicht entleihbar Heimatbibliothek Aufenthaltsbibliothek Aufstellungsort Erwerbungsdatum Inventarnummer Signatur Barcode Letzte Aktivität Preis gültig von Koha-Medientyp
    Andere/Generische Klassifikation     MWN Osteuropa MWN Osteuropa Magazin - 2 18/04/2017 17-01841 R 63 k Smi E004015073F7EE73 23/02/2021 22/03/2021 Monographien